[Event "UKR-ch 73rd"]
[Site "Kharkov"]
[Date "2004.08.25"]
[Round "1.2"]
[White "Lagno, Kateryna"]
[Black "Goloshchapov, Alexander"]
[Result "1-0"]
[WhiteElo "2472"]
[BlackElo "2577"]
[Annotator "Ribli,Z"]
[PlyCount "81"]
[EventDate "2004.08.03"]
[EventType "k.o."]
[EventRounds "5"]
[EventCountry "UKR"]
[SourceTitle "CBM 103"]
[Source "ChessBase"]
[SourceDate "2004.11.11"]
[SourceVersion "1"]
[SourceVersionDate "2004.11.11"]
[SourceQuality "1"]

1. e4 c5 2. Nf3 Nc6 3. d4 cxd4 4. Nxd4 e6 5. Nc3 Qc7 6. Be3 a6 7. Qd2 Nf6 8.
O-O-O {Dieser Aufbau ist besonders populär in der letzten Zeit - die weisse
Strategie ist ganz einfach, er möchte mit f3 und g4 sofort einen Angriff
führen.} Bb4 9. f3 Ne5 {Das ist gewöhnlich der Hauptzug, aber 9...Ne7 und 9...
Na5 sind auch möglich.} 10. Nb3 b5 11. Bd4 {Das ist die traditionelle
Fortsetzung, das bisher letzte Wort der Theorie ist die Variante mit 11.Qe1.}
Be7 12. Kb1 (12. Qf2 d6 13. g4 O-O 14. g5 Nfd7 15. f4 Nc6 16. Be3 Bb7 17. Kb1
Na5 {1/2-1/2 Sakaev,K-Xu Jun/Moscow CHN 2004/(30)}) 12... d6 13. Qf2 {Die Dame
auf f2 verteidigt vorher den f3-Bauern, sodass 14.g4 möglich wird.} O-O 14. g4
Nfd7 {Mit diesem prophylaktischen Springerzug verteidigt sich Schwarz gegen 15.
g5. Die Alternative 14...Bb7 kommt auch in Betracht.} (14... Bb7 15. Bb6 (15.
g5 $5 Nfd7 16. Rg1) 15... Qb8 16. Na5 Rc8 $13 17. Bd4 $2 {Dieser Zug schenkt
Schwarz ein wichtiges Tempo in einer scharfen Stellung.} (17. g5 Nfd7 18. Be3
b4 19. Na4 d5 $13) (17. Nxb7 Qxb7 18. Bd4 $13) 17... b4 $1 18. Na4 Nxe4 $1 $17
{0-1 Karjakin,S-Pelletier,Y/Pamplona 2003/CBM 99/[Ribli] (40)}) 15. Rg1 (15. f4
b4 16. Na4 Nxg4 17. Qg2 Ngf6 18. Bd3 e5 19. Rdg1 Ne8 {1/2-1/2 Vallejo Pons,
F-Comas Fabrego,L/Ayamonte 2002/CBM 92 (19)}) 15... Bb7 {Schwarz verbessert
sein früheres Spiel, letztes Jahr spielte er 15...R b8.} (15... Rb8 16. f4 Nc4
17. g5 b4 18. Na4 e5 19. Ba7 Ra8 20. Bxc4 Qxc4 21. Nd2 Qc6 22. b3 f5 {1/2-1/2
Hracek,Z-Goloshchapov,A/Budva 2003/CBM 96 ext (29)}) 16. g5 Rfc8 17. a3 Nc4 18.
Bxc4 Qxc4 $5 $146 {[%mdl 4] Das ist der erste neue Zug der Partie. Der
Nachteil des Zugs 18...bxc4 ist, dass die schwarze schwere Kavallerie
überflüssig auf der c-Linie steht.} (18... bxc4 19. Nc1 Rab8 20. N1e2 Bc6 21.
Ka1 Qa5 22. Na2 e5 23. Bc3 Qc7 24. Ng3 g6 25. Nf1 {1-0 Kasparov,G-Ye
Jiangchuan/Bled 2002/EXT 2003 (66)}) 19. Rg4 {[%cal Gg4c4] Nach diesem Zug
muss Schwarz in einigen Varianten mit e4-e5 rechnen.} (19. Na5 $6 Qc7 20. Nxb7
Qxb7 $15 {[%cal Gb5b4] Weiss hat das gegnerische Läuferpaar getauscht, aber
jetzt kommt Schwarz am Damenflügel schneller zum Zug.}) (19. f4 $6 a5 $15)
19... Qc7 $11 {Schwarz hat mit dem Läuferpaar eine bequeme Stellung.} (19... a5
$5 $13 {[%cal Gb5b4]}) 20. f4 e5 21. Be3 (21. fxe5 dxe5 22. Be3 b4 23. axb4
Bxb4 24. Nd5 Bxd5 25. exd5 Rab8 $15) 21... exf4 22. Bxf4 Ne5 23. Rg3 (23. Bxe5
dxe5 24. Nd5 Bxd5 25. exd5 (25. Rxd5 b4 26. a4 Rd8 $15) 25... a5 $36) 23... Bf8
(23... Rab8) 24. h4 $14 {[%csl Yd5][%cal Gh4h5,Gc3d5] Weiss hat Initiative am
Königsflügel, weil es für Schwarz nicht leicht ist, sein Spiel am Damenflügel
fortzusetzen.} Re8 25. h5 Rac8 26. h6 (26. g6 $1 fxg6 27. Bxe5 dxe5 28. hxg6 h6
29. Rgd3 (29. Nd5 Bxd5 30. Rxd5 b4 31. axb4 Bxb4 32. c3 $13) 29... Bc6 30. Nd5
Bxd5 31. Rxd5 $14) 26... g6 27. Be3 {[%cal Ge3d4] Weiss moechte seinen Laufer
auf d4 stellen.} (27. Rf1 Nc4 $13) 27... Qe7 (27... Nc4 $5 {[%cal Gb7e4]} 28.
Bd4 Bxe4 29. Nd2 $1 Bf5 (29... Nxd2+ 30. Rxd2 $44) 30. Nd5 Nxa3+ 31. Rxa3 Qxc2+
32. Ka2 Be6 33. Qf6 Bxd5+ 34. Nb3 Bxb3+ 35. Rxb3 Re5 36. Bxe5 dxe5 37. Rd7 Qc4
38. Qxe5 Qa4+ 39. Ra3 Qc4+ 40. Rb3 $11) 28. Bd4 Qe6 29. Rf1 (29. Qg2 $14 {
[%csl Yd5][%cal Gc3d5]}) 29... Be7 30. Qg2 $1 {Weiss moechte seinen Springer
auf d5 platzieren.} f5 {Mit diesem Zug schwächt Schwarz seine Königsstellung,
aber er möchte etwas Gegenspiel finden.} (30... b4 $2 31. axb4 Qc4 32. Qf2 $16)
(30... Nc4 31. Nd5 $16) 31. gxf6 Bxf6 32. Nd5 {[%csl Gd5]} Rf8 (32... Bxd5 33.
exd5 Qe7 34. Bc3 $16 {[%cal Gb3d4,Gd4e6]}) 33. Nf4 (33. Nxf6+ Rxf6 34. Rxf6
Qxf6 $11) (33. Rf4 $14) 33... Qe8 34. Bc3 (34. Nd5 Qe6) 34... Rxc3 $5 {[%mdl
512] Schwarz opfert die Qualität und möchte am Damenflügel spielen. Anderseits
bin ich gar nicht sicher, ob dieses Opfer völlig korrekt ist.} 35. bxc3 (35.
Rxc3 Nc4 $36 {[%csl Rb2,Gb7,Gc4,Gf6][%cal Rf6b2]}) 35... Kh8 (35... Bh4 36. Rh3
Bd8 $44) 36. Nd5 Bxd5 37. exd5 Nc4 {[%csl Gc4][%cal Gc4e3,Ge3f1,Ge3g2,Gc4a3]
Schwarz hat einige Kompensation für die Qualität, sein Springer steht aktiv
auf c4.} 38. Qh3 $6 (38. Rgf3 $1 {[%cal Rf1f8]} Ne3 39. Qe2 Nxf1 40. Rxf6 $1
Ng3 41. Qxe8 Rxe8 42. Rxd6 $16) 38... Nxa3+ $6 (38... Qe2 $1 $44) 39. Ka2 b4 $2
(39... Nc4 40. Rgf3 Be7 41. Rxf8+ Bxf8 42. Qd7 $18) (39... Nxc2 40. Qe6 $16)
40. Qe6 $18 Be5 41. Rgf3 1-0

[Event "YUG-ch"]
[Site "Podgorica"]
[Date "1996.??.??"]
[Round "6"]
[White "Ivanovic, Bozidar"]
[Black "Pikula, Dejan"]
[Result "1/2-1/2"]
[WhiteElo "2500"]
[BlackElo "2455"]
[Annotator "Ribli,Z"]
[PlyCount "39"]
[EventDate "1996.02.??"]
[EventType "tourn"]
[EventRounds "15"]
[EventCountry "YUG"]
[EventCategory "9"]
[SourceTitle "CBM 053"]
[Source "ChessBase"]
[SourceDate "1996.08.01"]
[SourceVersion "1"]
[SourceVersionDate "1996.08.01"]
[SourceQuality "1"]

1. e4 c5 2. Nf3 e6 3. d4 cxd4 4. Nxd4 a6 5. Nc3 Qc7 6. Bd3 Nc6 7. Be3 Nf6 {
Der Nachziehende waehlt die klassische Variante.} (7... b5 $5) 8. O-O Ne5 (8...
Bd6 $5 {In der letzten Zeit kommt dieser Zug auch in Mode.}) 9. h3 Bc5 10. Kh1
{Kasparov' Idee.} d6 11. f4 Ng6 $5 (11... Ned7 $6 {Momentan hat Schwarz mit
diesem Zug Probleme das Spiel auszugleichen.} 12. Qe1 $1 Qb6 13. Na4 Qb4 14.
Qxb4 Bxb4 15. Nb3 $1 $14 {Ivanchuk,V-Lautier,J/Horgen/1995/CBM50/INF65,189/})
12. Qe2 (12. Qd2 O-O 13. Rf3 e5 $1 14. Nde2 Bxe3 15. Qxe3 Qc5 $10 {Polgar,
J-Portisch,L/Prague/1995/CBM48/INF64/(193)}) (12. Qf3 $5 O-O 13. Rae1 b5 14. f5
Ne5 15. Qg3 Kh8 16. Qh4 $36 {Oral,T-Relange,E/WchjM-U20/Halle/1995/EXP48/})
12... O-O (12... b5 $5) 13. Rae1 e5 $5 {[#] Dieser Vorstoss ist fuer derartige
Stellungen typisch, der Nachziehende will die schwarzen Feldern kontrollieren.}
14. fxe5 $8 dxe5 15. Nf3 (15. Nf5 Bxe3 16. Qxe3 (16. Nxe3 Nf4 $13) 16... Nf4
$13) 15... Nf4 16. Qf2 Bxe3 17. Rxe3 Be6 18. Ng5 (18. Nxe5 $6 N4h5 $1 $44)
18... h6 $5 19. Nxe6 fxe6 $1 {Eine richtige Eintscheidung; Jetzt kontrolliert
Schwarz mit seinem beiden e-Bauern die wichtigsten Punkte, er hat mindestens
ein ausgegliechenes Spiel erreicht.} 20. Rf3 {Ribli} 1/2-1/2

[Event "Amsterdam Euwe Memorial"]
[Site "Amsterdam"]
[Date "1996.03.31"]
[Round "8"]
[White "Timman, Jan H"]
[Black "Short, Nigel D"]
[Result "0-1"]
[WhiteElo "2620"]
[BlackElo "2665"]
[Annotator "Ribli,Z"]
[PlyCount "112"]
[EventDate "1996.03.22"]
[EventType "tourn"]
[EventRounds "9"]
[EventCountry "NED"]
[EventCategory "18"]
[SourceTitle "CBM 052"]
[Source "ChessBase"]
[SourceDate "1996.06.01"]
[SourceVersion "1"]
[SourceVersionDate "1996.06.01"]
[SourceQuality "1"]

1. e4 {Kasparov Timman} c5 2. Nf3 e6 3. d4 cxd4 4. Nxd4 Nc6 5. Nc3 Qc7 6. Be3
a6 7. Bd3 Nf6 8. O-O Bd6 9. f4 {Kasparov} Bc5 10. Nf5 Bxe3+ $1 (10... Ne7 $6
11. Nxg7+ Kf8 12. Bxc5 Qxc5+ 13. Kh1 Kxg7 14. e5 Ne8 15. Ne4 Qc7 16. Qh5 $44 {
Topalov,V-Huebner,R/Wijk/1996/CBM51/INF65,189/}) 11. Nxe3 d6 12. Kh1 O-O (12...
b5 $2 13. Bxb5) (12... b6 $1) 13. g4 Nd7 $146 (13... b5 14. a3 $6 (14. g5 Nd7
15. Qh5 {siehe die Partie}) 14... Bb7 15. g5 Nd7 16. Qh5 $13 {Schmid,L-Panno,O/
Lugano olm/1968/INF06,472/Weiss hat ein wichtiges Tempo weniger als in der
Textpartie, weil er unnoetig schon a3 gespielt hat.}) 14. g5 b5 15. Qh5 Bb7 16.
f5 (16. Rf3 $1 {/\ 17.Rh3+- Timman}) 16... Nce5 17. f6 {Der weisse Angriff
sieht uebermachtig aus, aber Schwarz kann gut kontern.} (17. Rf4 $40) 17... Qc5
$1 {Einer sehr schlaue Zug.} 18. Rae1 $2 {Nach diesem schablonenhaften und
fehlerhaften Deckungszug verliert Weiss seinen wichtigsten Bauern ohne
genuegende Kompensation.} (18. fxg7 Kxg7 19. Rae1 Kh8 $13) 18... Nxd3 19. cxd3
(19. fxg7 {Schon zu spaet.} Nxe1 20. gxf8=Q+ Rxf8 21. Rxe1 b4 22. Ncd5 exd5 23.
Nf5 Qf2 $19) 19... Nxf6 $1 {Eine sehr unangenehme Ueberraschung.} 20. Qh4 (20.
gxf6 $4 Qxh5 $19) (20. Rxf6 gxf6 21. Qh6 f5 22. Ncd5 Bxd5 $8 (22... exd5 $4 23.
Nxf5 $18) 23. exd5 Rae8 $19) 20... Nd7 21. Rf3 f6 $1 22. Rh3 (22. Rg1 fxg5 23.
Rxg5 Rxf3 $1 24. Rxc5 Nxc5 $19) 22... Qxg5 23. Qxh7+ Kf7 {/\ Rh8} 24. Rh5 (24.
Rg1 Rh8 25. Rxg5 Rxh7 26. Rxh7 fxg5 $19 {Das ist noch schlimmer als in der
Partie, weil sich der h7-Turm im abseits befindet.}) 24... Rh8 25. Qxh8 Rxh8
26. Rxg5 fxg5 {Als Endergebnis der Kombinationen hat der Nachziehende nicht
nur einen Bauern erobert, sondern seine Figuren sind auch sehr vernuenftig
postiert.} 27. Ng4 Rh4 28. Nf2 b4 29. Nb1 Ne5 {>< d3} 30. Nd2 Rf4 31. Re2 Ke7
32. Kg2 a5 {Weiss steht fast im Zugzwang.} 33. d4 $6 {Das verliert noch einen
Bauern. Allerdings faellt es nicht leicht, dem Anziehenden einen guten Rat zu
geben.} Nc6 34. d5 (34. Nd3 Rg4+ 35. Kf3 Rh4 $19) 34... Nd4 35. Re3 exd5 36. e5
(36. exd5+ Kd7 $19 {>< d5}) 36... Nf5 37. exd6+ Kxd6 38. Re8 Bc6 39. Rg8 g4 40.
Kg1 a4 41. Rb8 g3 42. hxg3 Nxg3 43. Nh3 Ne2+ 44. Kh2 Rg4 45. Nf3 d4 46. Rb6 {
/\ Rxc6 nebst Ne5,Nxg4} Re4 47. Rxb4 Kc5 48. Rb8 Re3 49. Nd2 Nc1 $1 {/\ Rd2}
50. b4+ axb3 51. Nxb3+ Nxb3 52. axb3 Re8 $1 53. b4+ Kc4 54. Rb6 Bd5 55. Rd6 Rh8
56. b5 d3 0-1

[Event "EU-Cup 21st"]
[Site "Saint Vincent"]
[Date "2005.09.22"]
[Round "5.3"]
[White "Haznedaroglu, Kivanc"]
[Black "Ribli, Zoltan"]
[Result "0-1"]
[WhiteElo "2430"]
[BlackElo "2591"]
[Annotator "Ribli,Z"]
[PlyCount "118"]
[EventDate "2005.09.18"]
[EventType "team-swiss"]
[EventRounds "7"]
[EventCountry "ITA"]
[SourceTitle "CBM 110"]
[Source "ChessBase"]
[SourceDate "2006.01.31"]
[SourceVersion "1"]
[SourceVersionDate "2006.01.31"]
[SourceQuality "1"]
[WhiteTeam "Istanbul"]
[BlackTeam "Tegernsee"]
[WhiteTeamCountry "TUR"]
[BlackTeamCountry "GER"]

1. e4 c5 2. Nf3 e6 3. d4 cxd4 4. Nxd4 Nc6 5. Nc3 Qc7 6. Be3 a6 7. Bd3 {Vor ca.
10 Jahren war dies eine weit verbreitete Fortsetzung für Weiß, heutzutage wird
dieser Zug seltener gespielt, da die Alternative 7.Qd2 populär ist} Nf6 8. O-O
Ne5 {Das ist die eigentliche Hauptvariante - die Alternativen sind 8...Bd6, 8..
.Nxd4, 8...h5 und 8...b5.} 9. h3 Bc5 10. Kh1 d6 11. f4 Ng6 12. Qe1 {Der
gefährlichste Damenzug für Schwarz; nachfolgend spielt Weiß 13.f5 und 14.Qh4.}
Bd7 {Ein guter Wartezug: Schwarz hält sich dei Option der langen Rochade offen.
Die andere Idee des Läuferzugs ist, dass Schwarz Qb6 ziehen kann.} (12... O-O
13. f5 Ne5 14. Qh4 Bd7 15. Rf3 $5) 13. f5 Ne5 14. Qh4 Qb6 15. Nce2 (15. Bh6 $2
Ng6 $1 16. fxg6 hxg6 17. Rxf6 Rxh6 18. Qf4 g5 19. Rxh6 gxh6 20. Qf3 Bxd4 $19 {
0-1 Sakelsek,T-Farago,I/Nova Gorica 2002/(29)}) 15... O-O-O $5 {Es ist nicht
typisch, dass Schwarz in der Paulsen Variante lang rochiert, aber hier steht
die gegnerische Dame auf h4 und der f1R ist auch aktiv - es wäre gefährlich
kurz zu rochieren.} 16. Bg1 (16. b4 Qxb4 17. Rab1 Qa4 18. Rb3 Nxd3 19. cxd3 e5
20. Nc3 Qa5 21. Nc2 Bc6 {0-1 Stoumbos,K-Javakhishvili,L/Linares 2005/(33)})
16... exf5 (16... Nc6 17. c3 Ne5) 17. b4 $6 {Weiß opfert einen Bauern und
möchte die Linien am Damenflügel öffnen, aber Weiß verfügt dort über keine
aussichtsreiche Majorität.} (17. exf5 Rde8 (17... Rhe8)) (17. Nxf5 Bxf5 18.
exf5 Rhe8) 17... Qxb4 18. Rab1 Qa4 {[%csl Ga4][%cal Ga4h4]} 19. exf5 (19. Nc3
Qa5 20. Rb3 fxe4 $17) 19... Rhe8 {[%csl Ge5][%cal Ga4h4,Ge8e2][%mdl 2048]} 20.
Nc3 Qa5 21. Ne4 $6 (21. Rb3 $142 $5 {[%cal Gf1b1]}) 21... Nxd3 22. cxd3 Nxe4
23. dxe4 Qa4 (23... Qxa2 24. Rfc1) 24. Rfc1 {[%cal Gc1c8]} (24. Rfd1) 24... Kb8
{[%csl Gb8] Schwarz muss den König in Sicherheit bringen.} 25. e5 Bxd4 (25...
dxe5 26. Rxc5 exd4 27. Rd5) (25... Rc8 $5) 26. Bxd4 Bc6 $1 {[%csl Gc6][%cal
Gc6h1]} 27. Rb4 (27. exd6 Ka8 $1) 27... Qxb4 {Schwarz muss die Dame geben,
aber er bekommt mehr als ausreichendes Material.} 28. Ba7+ Kxa7 29. Qxb4 dxe5
$17 {[%mdl 1024] Schwarz hat Turm, Läufer und zwei Bauern für die Dame, was
mehr als ausreichend ist.} 30. Rc2 Rd4 31. Qa5 Rd5 (31... f6 $4 32. Rxc6 bxc6
33. Qc7+ $18) 32. Qc7 Rd7 33. Qa5 e4 {[%csl Ge4] Der e-Bauer ist der Stolz der
schwarzen Stellung.} (33... f6 $17) 34. Qc5+ Ka8 35. Re2 (35. Qe3 Re5) 35...
Rd5 {[%cal Rd5c5,Rd5f5]} 36. Qc3 (36. Qf2 Rd3 37. Re3 Red8 $19) 36... Rxf5 37.
Qxg7 e3 38. Qd4 Rfe5 {Das ist eine sichere Fortsetzung: Schwarz verteidigt den
e3-Bauern, aber statt dessen verspricht der Angriff auf den g2-Bauern größere
Gewinnaussichten.} (38... Rg8) (38... Rg5 $1 39. Rxe3 (39. Kh2 Rxg2+ 40. Rxg2
Bxg2 $19) 39... Reg8 $19 (39... Rxe3 40. Qd8+ Ka7 41. Qxg5 Rxh3+ 42. Kg1 $132))
39. Kh2 h5 40. Qf4 R8e7 (40... Bd5) 41. Qd4 Re8 42. Qf4 Bd5 43. a3 Re4 44. Qf5
Bc4 45. Re1 h4 46. Qc5 e2 $18 {[%csl Ge2]} 47. Qd6 Rg8 48. a4 f5 (48... Re3 $1
49. Qd4 Reg3 50. Qxc4 Rxg2+ 51. Kh1 Rg1+ 52. Rxg1 Rxg1+ 53. Kxg1 e1=Q+ 54. Kh2
Qg3+ 55. Kh1 Qxh3+ $19) 49. Qd7 Rf4 50. Rb1 Rb8 {Die schwarze Stellung ist
sicher und der e-Bauer entscheidet die Partie.} 51. Qc7 Re4 (51... Rf1 52. Qxc4
Rxb1 53. Qxe2 Rb4) 52. Re1 Bd5 53. Qa5 Bc6 54. Rc1 (54. Qxf5 Rg8 $19) 54... Rg8
$1 (54... e1=Q 55. Rxe1 Rxa4 (55... Rxe1 56. Qxe1 Rg8 57. Kg1) 56. Qd2 Rg8 $19)
55. Rxc6 {Das ist die einzige Hoffnung für Weiß, aber es gibt kein Dauerschach,
Schwarz gewinnt leicht.} e1=Q 56. Rxa6+ bxa6 57. Qxa6+ Kb8 58. Qb5+ Kc7 59.
Qc5+ Kd8 0-1

[Event "Zalaegerszeg"]
[Site "Zalaegerszeg"]
[Date "2004.04.25"]
[Round "2"]
[White "Acs, Peter"]
[Black "Portisch, Lajos"]
[Result "1-0"]
[WhiteElo "2548"]
[BlackElo "2573"]
[Annotator "Ribli,Z"]
[PlyCount "109"]
[EventDate "2004.04.24"]
[EventType "tourn"]
[EventRounds "9"]
[EventCountry "HUN"]
[EventCategory "13"]
[SourceTitle "CBM 101"]
[Source "ChessBase"]
[SourceDate "2004.07.27"]
[SourceVersion "1"]
[SourceVersionDate "2004.07.27"]
[SourceQuality "1"]

1. e4 c5 2. Nf3 Nc6 3. d4 cxd4 4. Nxd4 Qc7 5. Nc3 {5.Nb5 ist auch spielbar.} e6
6. Be3 a6 7. Qd2 Nf6 8. O-O-O Bb4 9. f3 Ne5 10. Nb3 b5 11. Qe1 Rb8 $5 {Schwarz
verbessert sein früheres Spiel. Jetzt wäre 12.Nxb5?? ganz schlecht wegen 12...
Rxb5.} (11... Be7 12. f4 $1 (12. Kb1 d6 13. Qf2 Rb8 14. g4 b4 15. Ne2 a5 16. g5
Nfd7 17. Nbd4 Nc4 18. Bc1 Qc5 {1/2-1/2 Balogh,C-Portisch,L/Miskolc HUN 2004/
(26)}) 12... Nc4 13. e5 Ng4 14. Bd4 f5 (14... Bb7 15. Bd3 f5 16. h3 Nh6 17. Rg1
Rc8 18. g4 b4 19. Na4 Bf3 20. gxf5 Nxf5 21. Bxf5 exf5 22. Nac5 Bxd1 23. Qxd1
$44 {1-0 Karjakin,S-Grabliauskas,V/Dos Hermanas 2004/CBM 99 ext (55)}) 15. h3
Nh6 16. Qf2 Bb7 17. Bxc4 bxc4 18. Bb6 Qc6 19. Na5 {1-0 Grischuk,A-Geller,J/
Sochi 2004/CBM 101 (27)}) (11... Nc4 12. Bd4 O-O (12... e5 $2 13. Qg3 Nh5 14.
Qg5 Bxc3 15. Bxc3 g6 16. Bxc4 f6 17. Bxe5 Qxe5 18. Qxe5+ fxe5 19. Bd5 $18 {
1/2-1/2 Vuckovic,B-Perunovic,M/Sozina SCG 2004/(39)}) 13. e5 Bxc3 14. Bxc3 Nd5
15. Bd4 d6 (15... Bb7 16. Kb1 Rac8 17. Bd3 f6 18. Qh4 f5 19. Rhe1 Rf7 20. Qf2
a5 21. Nc5 {1-0 Iordachescu,V-Goloshchapov,A/Budva SCG 2003/(38)}) 16. exd6
Qxd6 17. Kb1 Rd8 (17... Qf4) 18. Bd3 Bb7 19. Bxc4 bxc4 20. Na5 Qe7 (20... c3
21. Qe5 Qxe5 22. Bxe5) 21. Nxc4 f6 22. Qf2 {1-0 Azarov,S-Teterev,V/Minsk BLR
2004/[Ribli] (72)}) (11... Bxc3 12. Qxc3 Qxc3 13. bxc3 d5 $6 14. Bd4 $14 {
[%csl Gd4] 1/2-1/2 Iordachescu,V-Macieja,B/Bermuda 2004/CBM 99[Ribli Zoltan] 
(51)}) 12. Qg3 Be7 {Schwarz lässt den g7-Bauern unverteidigt.} (12... O-O $5
13. Bd4 d6) 13. Kb1 (13. Qxg7 Rg8 (13... Ng6 14. Qh6 b4 15. Ne2 d5 $44) 14. Qh6
Rg6 15. Qh3 b4 $44) 13... d6 14. f4 (14. Qxg7 Rg8 15. Qh6 Rg6 16. Qh3 Nc4 $44)
14... Nc4 $13 {[%csl Gc4] Weiß besitzt ein starkes Bauernzentrum, aber Schwarz
hat seine Chancen am Damenflügel, sein c4N steht besonders stark.} (14... Neg4
15. e5 (15. Bd4 b4 $36) (15. Bg1 b4 16. Ne2 e5 $15) 15... dxe5 16. fxe5 Nxe3
17. Qxg7 $13) 15. Bd4 (15. Bxc4 bxc4 16. Nc1 O-O $15 (16... Qb7 17. b3 O-O $15)
) 15... b4 (15... O-O $5) 16. Na4 $6 {Dieser Springerzug scheint mir etwa zu
passiv. Nach 16.Bxc4!? kämen große Komplikationen, aber- nach meiner Meinung -
hat Weiß dort bessere Chancen als in der Partie.} (16. Bxc4 $5 Qxc4 (16... bxc3
$2 17. e5 $16 Qxc4 18. Qxg7 Rg8 $6 19. exf6 Rxg7 20. fxg7 $18) 17. Bxf6 Bxf6
18. e5 $13) 16... O-O 17. Qd3 d5 $1 18. exd5 (18. e5 Ne4 $17 {[%csl Gc4,Ge4]})
18... exd5 $15 {[%csl Ye4] Schwarz hat eine starke c4-Springerstellung und er
kontrolliert auch das Feld e4.} 19. Be2 (19. Bxf6 $2 Bxf6 20. Qxd5 $4 Ne3 $19 (
20... Rd8 21. Re1 Be6 22. Qc5 Qxf4 $17)) 19... Ne4 20. Bf3 f5 (20... Bf5 $1 21.
Bxe4 dxe4 $36 (21... Bxe4 22. Qg3 f6 23. Nac5 Bxc5 24. Nxc5 Qc6 $15)) 21. Nac5
Rb5 (21... Bxc5 22. Nxc5 Nxc5 $2 23. Bxd5+ $18) 22. Rhe1 Rf7 $1 {Mit diesem
stillem Zug verstärkt Schwarz seine Stellung und vermeidet mögliche Motive auf
der a2-g8-Diagonale.} (22... Qxf4 $6 23. Nxe4 fxe4 24. Bxe4 dxe4 25. Qxc4+ Qf7
26. Qxf7+ Rxf7 27. Rxe4 $14) (22... Bxc5 23. Nxc5 Rxc5 24. Bxc5 Qxc5 25. Qxd5+
Qxd5 26. Rxd5 Bb7 (26... Ncd2+ 27. Kc1 Nxf3 28. gxf3 Nf6 29. Rd4 $15) 27. Bxe4
fxe4 $15) 23. Na4 Bd7 (23... Qxf4 $1 $17) 24. Bg1 (24. g3 Rb8 25. Nac5 Bb5 $17)
24... Bf6 (24... Qxf4 $1 $17) 25. Bd4 Be7 26. Bg1 {[%csl Yd4][%cal Gb3d4] Weiß
wäre - natürlich - zufrieden mit der Zugwiederholung.} h6 27. g3 Bf8 28. Kc1
Rf6 $6 (28... Rb8 29. Nac5 Nxc5 30. Nxc5 Bxc5 31. Bxc5 Qxc5 32. Bxd5 Nb6 33.
Bxf7+ Kxf7 34. Qb3+ $13) (28... Rb7 $5 29. Nac5 Nxc5 30. Nxc5 Bxc5 31. Bxc5
Qxc5 32. Bxd5 Bb5 $15) {[#]} 29. Nac5 $1 {[%mdl 64] Weiß opfert zeitweilig
Material, aber dieser Zug führt zu Vereinfachungen, was sich letztlich als
günstig für Weiß erweist.} Bxc5 (29... Bc6 $2 30. Bxe4 fxe4 31. Nxe4 $16) 30.
Nxc5 Rxc5 (30... Bc6 $2 31. Bxe4 fxe4 32. Nxe4 $16) 31. Bxc5 Qxc5 (31... Nxc5
$2 32. Bxd5+ $18) 32. Bxe4 $1 (32. Qxd5+ Qxd5 33. Rxd5 Bc6 34. Bxe4 fxe4 35.
Rd4 $14) 32... fxe4 33. Qxd5+ Qxd5 34. Rxd5 $14 {[%mdl 4096] Nach den
Vereinfachungen hat Weiß Turm und Bauern gegen zwei Leichtfiguren, aber es
gibt viele Schwächen in der schwarzen Stellung.} Nb6 (34... Bc6 35. Rd4 Nd6 36.
Rxb4 $14) 35. Rd4 {[%cal Rd4b4,Rd4e4]} b3 $6 {Schwarz kann entweder den e4-,
oder den b4-Bauern geben.} (35... Bc6 36. Rxb4 Nd7 37. Rd4 $14) 36. axb3 Bc6 {
Die einzige schwarze Hoffnung ist der starke e4P.} 37. Kd2 {[%csl Gd2,Ye3]
[%cal Gd2e3]} Re6 38. c4 {Auf diese Weise mobilisiert Weiß seine
Bauernmehrheit am Damenflügel und Schwarz kann nicht mehr Nd5 ziehen.} Nd7 39.
Ke3 Nc5 40. Ra1 $1 $16 (40. b4 $6 Nd3 {[%cal Rd3b4,Rd3b2,Rd3e1]}) 40... Be8 (
40... Nxb3 41. Rd8+ Kf7 42. Rxa6 $16) 41. Rd8 Kf7 (41... Nxb3 42. f5 Re5 (42...
Nxa1 43. fxe6 Kf8 44. Kxe4 Ke7 45. Rb8 $18) 43. Rxa6 $18) 42. b4 Nd3 43. f5 Re7
44. Rxa6 Nxb2 (44... Nxb4 45. Raa8 $16) 45. Rd4 {Alles ist verteidigt in der
weißen Stellung und die Freibauern am Damenflügel entscheiden die Partie.} Rc7
(45... Nxc4+ 46. Rxc4 Bb5 47. Rac6 $18) 46. c5 Bb5 47. Ra2 Nc4+ 48. Kxe4 $18
Re7+ 49. Kf4 Re1 50. Re4 Rf1+ (50... Rxe4+ 51. Kxe4 Kf6 52. g4 $18) 51. Kg4 Rb1
52. Ra7+ Kf8 53. c6 (53. Rb7 Rxb4 54. Kf4 $18 {[%cal Rb7b4,Re4b4]}) 53... Rxb4
(53... Nb6 54. c7 Bd7 55. Ra6 Nc8 56. Rd4 Ke8 57. Rg6 Rc1 58. Rxg7 Rxc7 59. Kh5
$18) 54. c7 Ne3+ (54... Bd7 55. Kh5 $18) 55. Kf3 1-0